Der Kolosserbrief
Guardat en:
| Autor principal: | |
|---|---|
| Format: | Llibre |
| Idioma: | alemany |
| Publicat: |
Friburgo de Brisgovia
Herder
1991
|
| Edició: | 2a. ed |
| Col·lecció: | Herders Theologischer Kommentar zum Neuen Testament, 10, 1
|
| Matèries: | |
| Etiquetes: |
Afegir etiqueta
Sense etiquetes, Sigues el primer a etiquetar aquest registre!
|
MARC
| LEADER | 00000cam a2200000 a 4500 | ||
|---|---|---|---|
| 001 | UCE7018 | ||
| 003 | CL-VaPUC | ||
| 008 | 150520e19910000gw |||||||||||||||||ger|d | ||
| 020 | |a 3451191385 | ||
| 082 | 0 | 4 | |a 189.4 |b GNI |2 21 |
| 100 | |a Gnilka, Joachim |e author |9 580746 | ||
| 245 | 1 | 4 | |a Der Kolosserbrief |
| 250 | |a 2a. ed | ||
| 300 | |a 249 p | ||
| 942 | |c BK | ||
| 945 | |d 20150520 16:51:00 |a dcastane | ||
| 260 | |a Friburgo de Brisgovia |b Herder |c 1991 | ||
| 650 | 0 | |a Biblia |9 257603 | |
| 650 | 0 | |a Nuevo testamento |9 257604 | |
| 650 | 7 | |a COLOSENSES |2 CL-VaPUC |9 471241 | |
| 650 | 0 | |a Filosofía cristiana |9 265980 | |
| 650 | 7 | |a CARTAS PAULINAS |2 CL-VaPUC |9 411151 | |
| 583 | |a last modification |c 20150520 16:51:00 |k Rodrigo Vera | ||
| 490 | 0 | |a Herders Theologischer Kommentar zum Neuen Testament, 10, 1 | |
| 999 | |c 359163 |d 359161 | ||
| 952 | |0 0 |1 0 |3 erd |4 0 |6 189_400000000000000_GNI_1991 |7 0 |8 A |9 468231 |a BIBTEO |b BIBTEO |e Casale Rolle, Carlos Ignacio, -2014 |i 517340K |o 189.4 GNI 1991 |p 517340K |r 2025-01-17 |w 2019-11-23 |y BK |z Catalogado en:20150520 |k ICR | ||